Selected Papers from 2017 International Conference on Micro/Nanomachines (Record no. 14691)

MARC details
000 -LEADER
fixed length control field 00489nam a2200121Ia 4500
008 - FIXED-LENGTH DATA ELEMENTS--GENERAL INFORMATION
fixed length control field 220615s9999||||xx |||||||||||||| ||und||
100 ## - MAIN ENTRY--PERSONAL NAME
Personal name Jianguo Guan (Ed.)||Fangzhi Mou (Ed.)
245 #0 - TITLE STATEMENT
Title Selected Papers from 2017 International Conference on Micro/Nanomachines
546 ## - LANGUAGE NOTE
Language note English[eng]
650 ## - SUBJECT ADDED ENTRY--TOPICAL TERM
Topical term or geographic name entry element Autonomous motion||Microengineering||Micro/Nanomachines||Environmental remediation||Self-navigation||Drug delivery
856 ## - ELECTRONIC LOCATION AND ACCESS
Uniform Resource Identifier <a href="http://www.mdpi.com/books/pdfview/book/698">http://www.mdpi.com/books/pdfview/book/698</a>
942 ## - ADDED ENTRY ELEMENTS (KOHA)
Koha item type E-Books
Holdings
Withdrawn status Lost status Damaged status Not for loan Home library Current library Date acquired Total Checkouts Date last seen Price effective from Koha item type
        Kerala University of Digital Sciences, Innovation and Technology Knowledge Centre Kerala University of Digital Sciences, Innovation and Technology Knowledge Centre 15/06/2022   15/06/2022 15/06/2022 E-Books